[Event "FSV-ch 2009"]
[Site "Dortmund"]
[Date "2009.03.26"]
[Round "1.1"]
[White "Lindam, Ingo"]
[Black "Kirmes, Hans-Uwe"]
[Result "1-0"]
[WhiteElo "2033"]
[BlackElo "1389"]
[PlyCount "71"]
[EventDate "2009.??.??"]
[Source "Pit Schulenburg"]
[SourceDate "2009.02.27"]

1. d4 c6 2. Nf3 d5 3. Bf4 Nf6 4. Nbd2 Bf5 5. c4 e6 6. Qb3 Qb6 7. c5 Qxb3 8.
axb3 Nbd7 9. h3 h6 10. b4 Be7 11. e3 Ne4 12. b5 cxb5 13. Bxb5 a6 14. Nxe4 Bxe4
15. Ne5 Rd8 16. Bxd7+ Rxd7 17. Nxd7 Kxd7 18. f3 Bd3 19. Kd2 Bb5 20. g4 g5 21.
Bg3 Kc6 22. h4 gxh4 23. Bxh4 f6 24. Bg3 b6 25. b4 bxc5 26. bxc5 Bf8 27. Bf4 Bg7
28. Rh5 Kb7 29. Rah1 Be8 30. Rb1+ Ka7 31. Rhh1 e5 32. Bg3 Bg6 33. Rb6 Rb8 34.
Bxe5 Rxb6 35. cxb6+ Kxb6 36. Bxf6 1-0

[Event "FSV-ch 2009"]
[Site "Dortmund"]
[Date "2009.03.26"]
[Round "1.2"]
[White "Gennat, Egon L"]
[Black "Zelt, Jens"]
[Result "0-1"]
[WhiteElo "1362"]
[BlackElo "2015"]
[PlyCount "98"]
[EventDate "2009.??.??"]
[Source "Pit Schulenburg"]
[SourceDate "2009.02.27"]

1. Nf3 c5 2. c4 g6 3. g3 Bg7 4. Bg2 d6 5. Nc3 e6 6. O-O Nc6 7. e3 Nge7 8. a3
O-O 9. b3 Qb6 10. Rb1 h6 11. Qc2 e5 12. e4 f5 13. Nd5 Nxd5 14. cxd5 fxe4 15.
Ne1 Nd4 16. Qc4 Bf5 17. Nc2 Nxc2 18. Qxc2 e3 19. d3 exf2+ 20. Rxf2 Qb5 21. Be4
Bxe4 22. dxe4 Rxf2 23. Qxf2 Qd3 24. Rb2 Qxe4 25. Qg2 Qd4+ 26. Kh1 Qd1+ 27. Qg1
Qxd5+ 28. Qg2 Qd1+ 29. Qg1 Qf3+ 30. Qg2 Qf7 31. h3 Rf8 32. Kh2 g5 33. b4 c4 34.
Be3 b6 35. Rd2 Qf3 36. Re2 Qxg2+ 37. Kxg2 d5 38. Bc1 b5 39. g4 e4 40. Rf2 d4
41. Rxf8+ Kxf8 42. Kf2 Ke7 43. Ke2 Ke6 44. Kf2 Kd5 45. Ke2 c3 46. h4 gxh4 47.
Bf4 d3+ 48. Kd1 h3 49. Bg3 e3 0-1

[Event "FSV-ch 2009"]
[Site "Dortmund"]
[Date "2009.03.26"]
[Round "1.3"]
[White "Lauche, Christoph"]
[Black "vd Mescht, Jeromy"]
[Result "1-0"]
[WhiteElo "1950"]
[BlackElo "1360"]
[PlyCount "67"]
[EventDate "2009.??.??"]
[Source "Pit Schulenburg"]
[SourceDate "2009.02.27"]

1. e4 b6 2. d4 e6 3. Bd3 Bb7 4. Nf3 Nf6 5. Qe2 d6 6. O-O h6 7. c4 Nbd7 8. Nc3
Nh7 9. Ne1 Qh4 10. f4 O-O-O 11. Be3 Qe7 12. b4 g5 13. f5 Bg7 14. Rc1 c5 15.
bxc5 dxc5 16. Nb5 a6 17. e5 Bxe5 18. dxe5 axb5 19. f6 Qf8 20. Bf2 b4 21. Be4 h5
22. a3 bxa3 23. Ra1 Nb8 24. Bxb7+ Kxb7 25. Qe4+ Nc6 26. Nd3 Rxd3 27. Qxd3 Nxe5
28. Qxa3 Nc6 29. Rfb1 Kc7 30. Qa6 Nb4 31. Rxb4 cxb4 32. Qxb6+ Kc8 33. Qc6+ Kb8
34. Ra8# 1-0

[Event "FSV-ch 2009"]
[Site "Dortmund"]
[Date "2009.03.26"]
[Round "1.4"]
[White "Skalweit, Wolfgang"]
[Black "Begna, Bozidar"]
[Result "0-1"]
[WhiteElo "1347"]
[BlackElo "1937"]
[PlyCount "124"]
[EventDate "2009.??.??"]
[Source "Pit Schulenburg"]
[SourceDate "2009.02.27"]

1. f4 Nf6 2. Nf3 a6 3. e3 b5 4. Be2 Bb7 5. O-O e6 6. d3 Bc5 7. d4 Be7 8. a3 c5
9. c3 Nc6 10. b4 c4 11. Qc2 d5 12. Ne5 Ne4 13. Nd2 f6 14. Ng4 h5 15. Nf2 f5 16.
Ndxe4 dxe4 17. Qd1 g6 18. Nh3 Bh4 19. Bd2 Ne7 20. Be1 Bf6 21. Rc1 Nd5 22. Bf2
Bc6 23. Qe1 Kd7 24. Bd1 a5 25. Kh1 axb4 26. axb4 Ra3 27. Qd2 Qe7 28. Be1 Rha8
29. Qf2 h4 30. Bd2 Ra2 31. Qe1 R8a3 32. Kg1 Rb2 33. Rf2 Raa2 34. Kf1 Kc7 35.
Kg1 Be8 36. Kf1 g5 37. fxg5 Bxg5 38. Nxg5 Qxg5 39. Kg1 Bh5 40. Bxh5 Qxh5 41. h3
Qg5 42. Ra1 Qg3 43. Rxa2 Rxa2 44. Qc1 Kd7 45. Be1 Rxf2 46. Bxf2 Qg5 47. Qe1 Qh6
48. Qc1 f4 49. exf4 Qxf4 50. Qxf4 Nxf4 51. Kf1 (51. Bxh4 Ne2+ 52. Kf2 Nxc3 53.
Ke3 Nd5+ 54. Kxe4 Nxb4 55. g4 Na2 56. d5 b4 57. Bf6 b3 58. dxe6+ Kxe6 59. Ba1
c3 60. Kd3 $11) 51... Nd5 52. Be1 (52. Bxh4 Nxc3 53. Be1 Nd5 54. g4 c3 55. Ke2
c2 56. Bd2 (56. Kd2 Nxb4 57. Bg3 e3+ 58. Kc1 Kc6 $1 59. g5 Kd5 60. g6 Kc4 61.
Be1 (61. g7 Kb3 62. g8=Q Nd3#) 61... Nd3+ 62. Kxc2 Nxe1+ 63. Kd1 Ng2 64. Ke2 (
64. g7 Kd3 65. g8=Q e2+ 66. Kc1 e1=Q+ $19) 64... Nf4+ 65. Kxe3 Nxg6 $19) 56...
Nxb4 57. Ke3 Na2 58. h4 b4 59. Kxe4 c1=Q 60. Bxc1 Nxc1 61. Ke3 b3 62. Kd2 Ne2
63. h5 Ke7 64. g5 Kf7 65. Kd3 Nxd4 66. Kc3 e5 67. Kb2 e4 $19) 52... Ke8 53. Kf2
Nf4 54. g3 Nd3+ 55. Ke2 Nxe1 56. Kxe1 hxg3 57. Ke2 Kf7 58. Ke3 Kg6 59. Ke2 Kh5
60. Kf1 e3 61. Kg1 e2 62. Kg2 e1=Q 0-1

[Event "FSV-ch 2009"]
[Site "Dortmund"]
[Date "2009.03.26"]
[Round "1.5"]
[White "Hillebrand, Carsten"]
[Black "Skoecz, Horst"]
[Result "1-0"]
[WhiteElo "1874"]
[BlackElo "1335"]
[PlyCount "65"]
[EventDate "2009.??.??"]
[Source "Pit Schulenburg"]
[SourceDate "2009.02.27"]

1. c4 c6 2. g3 Nf6 3. Bg2 h6 4. Nf3 d6 5. b3 e5 6. d3 Qb6 7. O-O Bg4 8. Nc3
Nbd7 9. Bb2 Be7 10. Qc2 Bf5 11. e4 Bh7 12. Nd1 Nc5 13. Bc3 Nxd3 14. Qxd3 Nxe4
15. Qe3 c5 16. Bb2 g5 17. Nxe5 f5 18. Nd3 Rf8 19. f4 O-O-O 20. Nc3 Bf6 21. Nd5
Qa5 22. Nxf6 Nxf6 23. Bxf6 Rde8 24. Qf3 Re4 25. fxg5 Qd2 26. Rf2 Qe3 27. Qxe3
Rxe3 28. Nf4 hxg5 29. Bxg5 Rfe8 30. Rd1 Re1+ 31. Rf1 Rxf1+ 32. Kxf1 Kc7 33.
Nd5+ 1-0

[Event "FSV-ch 2009"]
[Site "Dortmund"]
[Date "2009.03.26"]
[Round "1.6"]
[White "Schaefer, Ulrich"]
[Black "Jost, Udo"]
[Result "0-1"]
[WhiteElo "1328"]
[BlackElo "1831"]
[PlyCount "56"]
[EventDate "2009.??.??"]
[Source "Pit Schulenburg"]
[SourceDate "2009.02.27"]

1. e4 c5 2. Nf3 e6 3. d4 cxd4 4. Nxd4 a6 5. Nc3 Qc7 6. Be3 Nf6 7. a3 d6 8. Qf3
Nbd7 9. Be2 Ne5 10. Qg3 h5 11. Bg5 Bd7 12. Bxf6 gxf6 13. O-O-O O-O-O 14. f4 Bh6
15. Kb1 Rdg8 16. Qf2 Ng6 17. f5 Ne5 18. Bxh5 Kb8 19. h3 Qb6 20. g4 Nc4 21. b3
Be3 22. Qe2 Nxa3+ 23. Kb2 Bxd4 24. Rd3 Nb5 25. Rhd1 Be5 26. Qd2 Rc8 27. Bxf7
Rxc3 28. Kc1 Qa5 0-1

[Event "FSV-ch 2009"]
[Site "Dortmund"]
[Date "2009.03.26"]
[Round "1.7"]
[White "Morawietz, Manuel"]
[Black "Herrmann, Rudolf"]
[Result "1-0"]
[WhiteElo "1810"]
[BlackElo "1326"]
[PlyCount "53"]
[EventDate "2009.??.??"]
[Source "Pit Schulenburg"]
[SourceDate "2009.02.27"]

1. e4 d5 2. exd5 Qxd5 3. Nc3 Qa5 4. Bc4 Nf6 5. d3 c6 6. Bd2 Qd8 7. Nf3 Bf5 8.
O-O e6 9. Qe2 Be7 10. Rfe1 h6 11. Ne5 O-O 12. h3 Nbd7 13. g4 Nxe5 14. Qxe5 Bd6
15. Qe3 Nxg4 $2 {Wenn ueberhaupt solche Opfer durchschlagen sollen, muss der
Angreifer den Laeufer geben und den Springer behalten. Man erinnere sich: Dame
und Springer sind das optimale Angriffsduo - nicht Dame und Laeufer! Im
konkreten Fall war es jedoch angebracht, den angegriffenen Laeufer einfach
zurueckzuziehen.} ({Nach} 15... Bxg4 $6 16. hxg4 Nxg4 17. Qh3 {
steht Weiss mindestens besser!}) 16. hxg4 Bxg4 17. Ne4 Bc7 18. Kg2 b5 19. Bb3
a5 20. a4 b4 21. Rh1 Bb6 $2 (21... Bf5) 22. Qg3 f5 23. Bxe6+ ({
Noch staerker war} 23. Ng5 $1 hxg5 24. Bxe6+ Rf7 25. Qh2 Kf8 26. Rae1 {usw.})
23... Kh8 24. Bxh6 $1 gxh6 25. Rxh6+ Kg7 26. Rah1 Rh8 27. Qe5+ 1-0

[Event "FSV-ch 2009"]
[Site "Dortmund"]
[Date "2009.03.26"]
[Round "1.8"]
[White "Krüger, Inge"]
[Black "Grube, Jörg"]
[Result "1-0"]
[WhiteElo "1272"]
[BlackElo "1792"]
[PlyCount "57"]
[EventDate "2009.??.??"]
[Source "Pit Schulenburg"]
[SourceDate "2009.02.27"]

1. d4 Nf6 2. c4 e6 3. Nc3 d5 4. Bg5 Nbd7 5. Nf3 c6 6. cxd5 exd5 7. e3 Bd6 8.
Be2 O-O 9. O-O Re8 10. Rc1 Nf8 11. a3 a5 12. Na4 Ng6 13. Nc5 h6 14. Bh4 Nxh4
15. Nxh4 Ne4 16. Nf3 Qc7 17. Nd3 Bg4 18. Nde1 Re6 19. h3 Bf5 20. Nh4 Bxh3 21.
gxh3 Nxf2 22. Rxf2 Bg3 23. Nef3 Bxh4 24. Nxh4 Qg3+ 25. Ng2 Rxe3 26. Bg4 Rae8
27. Kf1 Qh2 28. Nxe3 Rxe3 29. Rxh2 1-0

[Event "FSV-ch 2009"]
[Site "Dortmund"]
[Date "2009.03.26"]
[Round "1.9"]
[White "Sonntag, Joachim"]
[Black "Hübel, Carsten"]
[Result "1-0"]
[WhiteElo "1788"]
[BlackElo "1270"]
[PlyCount "73"]
[EventDate "2009.??.??"]
[Source "Pit Schulenburg"]
[SourceDate "2009.02.27"]

1. e4 c5 2. Nf3 Nc6 3. Nc3 e6 4. d4 cxd4 5. Nxd4 e5 6. Nf3 Nf6 7. a3 h6 8. Bc4
Be7 9. Qd3 O-O 10. O-O a6 11. Be3 Qc7 12. Rad1 Na5 13. Ba2 b5 14. Nd5 Nxd5 15.
Qxd5 Nc6 16. Bc5 Bxc5 17. Qxc5 Qa7 18. Qd5 Qc7 19. Nh4 Kh7 20. Nf5 f6 21. Nd6
Ra7 22. h4 Nd4 23. c3 Ne2+ 24. Kh2 Nf4 25. Qd2 Bb7 26. Qe3 Ba8 27. g3 Ng6 28.
Nf5 Qb7 29. h5 Nh8 30. Nd6 Qc7 31. g4 Bc6 32. Qf3 Qd8 33. Qf5+ g6 34. hxg6+
Nxg6 35. Bf7 Rg8 36. Bxg8+ Qxg8 37. Qxf6 1-0

[Event "FSV-ch 2009"]
[Site "Dortmund"]
[Date "2009.03.26"]
[Round "1.10"]
[White "Skoecz, Hugo"]
[Black "Stukemeier, Ralf"]
[Result "0-1"]
[WhiteElo "1261"]
[BlackElo "1781"]
[PlyCount "48"]
[EventDate "2009.??.??"]
[Source "Pit Schulenburg"]
[SourceDate "2009.02.27"]

1. e4 e5 2. Nf3 Nc6 3. Bb5 a6 4. Bxc6 dxc6 5. Nxe5 Qd4 6. Qh5 g6 7. Nxg6 Qxe4+
8. Kd1 Bg4+ 9. f3 Bxh5 10. Re1 Qxe1+ 11. Kxe1 Bxg6 12. d3 Bh6 13. f4 O-O-O 14.
g4 f5 15. g5 Bg7 16. a4 Ne7 17. Ra3 Nd5 18. c3 Rhe8+ 19. Kf2 Re6 20. b4 Rde8
21. b5 Re1 22. bxa6 bxa6 23. c4 Bd4+ 24. Kg2 Rxc1 0-1

[Event "FSV-ch 2009"]
[Site "Dortmund"]
[Date "2009.03.26"]
[Round "1.11"]
[White "Barth, Hans-Joachim"]
[Black "Rüttiger, Volker"]
[Result "1-0"]
[WhiteElo "1769"]
[BlackElo "1261"]
[PlyCount "43"]
[EventDate "2009.??.??"]
[Source "Pit Schulenburg"]
[SourceDate "2009.02.27"]

1. e4 e5 2. Nf3 Nc6 3. Bb5 Nf6 4. O-O Ng4 5. h3 h5 6. Nc3 g6 (6... Bc5 $1) 7.
d3 Bh6 8. Bxh6 Rxh6 9. Qd2 Rh7 10. Ng5 Rh8 11. hxg4 hxg4 12. Bc4 Qe7 13. Bxf7+
Kf8 14. Nd5 Qd8 15. f4 Kg7 16. fxe5 Rh5 17. Nf6 Rh8 18. Qf4 Nd4 19. Rf2 Ne6 20.
Qxg4 Nxg5 21. Qxg5 Kxf7 22. Nh5+ 1-0

[Event "FSV-ch 2009"]
[Site "Dortmund"]
[Date "2009.03.26"]
[Round "1.12"]
[White "Wickenfeld, Udo"]
[Black "Wickenfeld, Stefan"]
[Result "0-1"]
[WhiteElo "1256"]
[BlackElo "1764"]
[PlyCount "80"]
[EventDate "2009.??.??"]
[Source "Pit Schulenburg"]
[SourceDate "2009.02.27"]

1. d4 e6 2. c4 c5 3. Nc3 cxd4 4. Qxd4 Nc6 5. Qd1 Bc5 6. Nf3 Nge7 7. Bf4 Qb6 8.
Ne4 Qxb2 9. Nxc5 Qb4+ 10. Nd2 Qxc5 11. e3 Ng6 12. Bg3 O-O 13. Bd3 Nce5 14. Be2
b6 15. O-O Bb7 16. Rc1 Rac8 17. h4 Ne7 18. Nb3 Qc6 19. f3 f6 20. c5 Nf5 21. Bf4
Ng6 22. Nd4 Nxd4 23. Bd6 Nxe2+ 24. Qxe2 Rfe8 25. h5 bxc5 26. Bxc5 Qd5 27. hxg6
Rxc5 28. gxh7+ Kxh7 29. Kf2 Rec8 30. Rh1+ Kg8 31. Qb2 Rxc1 32. Rxc1 Rxc1 33.
Qxc1 Qxa2+ 34. Kg3 Bc6 35. Qh1 Qd5 36. Qb1 Qd6+ 37. Kf2 Qd2+ 38. Kg3 Qxe3 39.
Qg6 Qg5+ 40. Qxg5 fxg5 0-1

[Event "FSV-ch 2009"]
[Site "Dortmund"]
[Date "2009.03.26"]
[Round "1.13"]
[White "Geelhaar, Thorsten"]
[Black "Pfeffer, Josef"]
[Result "1-0"]
[WhiteElo "1757"]
[BlackElo "1241"]
[PlyCount "83"]
[EventDate "2009.??.??"]
[Source "Pit Schulenburg"]
[SourceDate "2009.02.27"]

1. e4 e5 2. Nf3 d6 3. d4 exd4 4. Nxd4 Be7 5. Nc3 Nf6 6. Bd3 O-O 7. Bf4 Nbd7 8.
O-O Ne5 9. Nf5 Nxd3 10. Nxe7+ Qxe7 11. cxd3 b6 12. Re1 Be6 13. Bg5 h6 14. Bh4
g5 15. Bg3 Ne8 16. e5 d5 17. Qh5 Kh7 18. f4 Ng7 19. Qf3 f6 20. Nxd5 Qc5+ 21.
Ne3 fxe5 22. Qe4+ Bf5 23. Qxe5 Qxe5 24. fxe5 Bxd3 25. Nd5 Ne6 26. Nb4 Bb5 27.
a4 Bd7 28. Nd5 Kg7 29. b4 Rf7 30. a5 c6 31. Nf6 b5 32. Rac1 Rc8 33. Red1 Rc7
34. Nxd7 Rfxd7 35. Rxd7+ Rxd7 36. Rxc6 Kf7 37. Kf1 Rd4 38. Ra6 Rd7 39. Bf2 Nd4
40. Rxh6 Ne6 41. Be3 Kg7 42. Rxe6 1-0

[Event "FSV-ch 2009"]
[Site "Dortmund"]
[Date "2009.03.26"]
[Round "1.14"]
[White "Weih, Kurt"]
[Black "Lemke, Philipp"]
[Result "0-1"]
[WhiteElo "1232"]
[BlackElo "1755"]
[PlyCount "30"]
[EventDate "2009.??.??"]
[Source "Pit Schulenburg"]
[SourceDate "2009.02.27"]

1. e4 e5 2. f4 d5 3. Nf3 dxe4 4. Ng5 exf4 5. Nxe4 Qh4+ 6. Nf2 Nf6 7. Be2 Bd6 8.
Bf3 Nc6 9. O-O O-O 10. d4 Bf5 11. Nc3 Rad8 12. a3 Bc5 13. Ne2 Nxd4 14. Nxd4
Bxd4 15. Bd2 Be3 0-1

[Event "FSV-ch 2009"]
[Site "Dortmund"]
[Date "2009.03.26"]
[Round "1.15"]
[White "Behler, Nils"]
[Black "Stolte, Lukas S"]
[Result "0-1"]
[WhiteElo "1741"]
[BlackElo "1222"]
[PlyCount "40"]
[EventDate "2009.??.??"]
[Source "Pit Schulenburg"]
[SourceDate "2009.02.27"]

1. e4 e5 2. Nf3 Nc6 3. d4 exd4 4. Bc4 d6 5. Nxd4 Nf6 6. O-O Be7 7. Nc3 a6 8. a4
Nxd4 9. Qxd4 c5 10. Qd1 O-O 11. f4 Be6 12. Be2 Qc7 13. f5 Bd7 14. Nd5 Nxd5 15.
exd5 Bf6 16. c3 Rfe8 17. g4 c4 18. g5 Be5 19. f6 Bh3 20. Re1 Qc5+ 0-1

[Event "FSV-ch 2009"]
[Site "Dortmund"]
[Date "2009.03.26"]
[Round "1.16"]
[White "Fahle, Karl-Wilhelm"]
[Black "Bommert, Christian"]
[Result "1-0"]
[WhiteElo "1202"]
[BlackElo "1656"]
[PlyCount "87"]
[EventDate "2009.??.??"]
[Source "Pit Schulenburg"]
[SourceDate "2009.02.27"]

1. e4 d5 2. exd5 Qxd5 3. Nc3 Qa5 4. d4 c6 5. Bf4 Nf6 6. Bd3 Qb6 7. Nge2 Bg4 8.
Na4 Qa5+ 9. Nac3 e6 10. Qd2 Bb4 11. f3 Bh5 12. a3 Nd5 13. Bg3 Nd7 14. O-O Be7
15. Nf4 Bg5 16. b4 Qd8 17. Ncxd5 cxd5 18. Qe2 Nf6 19. Nxh5 Nxh5 20. Bb5+ Kf8
21. Be5 Nf4 22. Bxf4 Bxf4 23. g3 Bd6 24. Rae1 a6 25. Bd3 b5 26. f4 g6 27. Qd2
Kg7 28. Qf2 Qb6 29. Kg2 Rhc8 30. f5 gxf5 31. g4 f4 32. Qh4 Rh8 33. g5 Qxd4 34.
Qh6+ Kg8 35. Rxe6 fxe6 36. Qxe6+ Kg7 37. Qh6+ Kf7 38. Qxd6 f3+ 39. Rxf3+ Ke8
40. Qe6+ Kd8 41. Rf7 Ra7 42. Rxa7 Qxa7 43. Qf6+ Qe7 44. Qxh8+ 1-0

[Event "FSV-ch 2009"]
[Site "Dortmund"]
[Date "2009.03.26"]
[Round "1.17"]
[White "Vöpel, Karl-Heinz"]
[Black "Strotmann, Dieter"]
[Result "1-0"]
[WhiteElo "1635"]
[BlackElo "1193"]
[PlyCount "81"]
[EventDate "2009.??.??"]
[Source "Pit Schulenburg"]
[SourceDate "2009.02.27"]

1. e4 c5 2. Nf3 d6 3. d4 cxd4 4. Nxd4 Nf6 5. Nc3 a6 6. a4 e5 7. Nb3 Be6 8. Bg5
Be7 9. Qd2 Bxb3 10. cxb3 Nc6 11. Bc4 Rc8 12. Rd1 Nd4 13. Bxf6 Bxf6 14. Qd3 O-O
15. O-O Kh8 16. b4 Qc7 17. Ba2 Qc6 18. g3 Qd7 19. Nd5 Qxa4 20. Bb1 Qb5 21. Qe3
Qe2 22. Qxe2 Nxe2+ 23. Kg2 Nd4 24. Rd2 Rc6 25. f4 Rfc8 26. Rff2 Rc1 27. Bd3
exf4 28. Nxf6 f3+ 29. Kh3 gxf6 30. Kg4 Rg8+ 31. Kf4 Ne6+ 32. Ke3 Re1+ 33. Kxf3
Ng5+ 34. Kg2 Rc8 35. Rxf6 Rcc1 36. Rxd6 Rg1+ 37. Kf2 Nxe4+ 38. Bxe4 Rgf1+ 39.
Ke3 Rfe1+ 40. Kd3 Rf1 41. Bxb7 1-0

[Event "FSV-ch 2009"]
[Site "Dortmund"]
[Date "2009.03.26"]
[Round "1.18"]
[White "Maffei, Hendrik"]
[Black "Rzoczek, Christoph"]
[Result "0-1"]
[WhiteElo "1186"]
[BlackElo "1622"]
[PlyCount "58"]
[EventDate "2009.??.??"]
[Source "Pit Schulenburg"]
[SourceDate "2009.02.27"]

1. Nf3 d6 2. g3 Bg4 3. Bg2 e5 4. d3 Nc6 5. O-O Nf6 6. Bg5 Be7 7. Bxf6 Bxf6 8.
h3 Bh5 9. Nc3 O-O 10. Nd5 Rb8 11. c4 Be7 12. Qd2 f5 13. b4 Qd7 14. b5 Nd8 15.
Qa5 Ne6 16. e3 c6 17. Nxe7+ Qxe7 18. bxc6 bxc6 19. Nd2 Be2 20. Rfe1 Bxd3 21.
Bxc6 Nc5 22. Bd5+ Kh8 23. Rac1 Be4 24. Rc3 Qd7 25. Nxe4 fxe4 26. Kg2 Rb2 27.
Rf1 Qf5 28. Rc2 Rxc2 29. Qe1 Nd3 0-1

[Event "FSV-ch 2009"]
[Site "Dortmund"]
[Date "2009.03.26"]
[Round "1.19"]
[White "Reinacher, Detlev"]
[Black "Grüneberg, Ingo"]
[Result "1-0"]
[WhiteElo "1617"]
[BlackElo "1176"]
[PlyCount "47"]
[EventDate "2009.??.??"]
[Source "Pit Schulenburg"]
[SourceDate "2009.02.27"]

1. d4 d5 2. c4 c6 3. Nc3 Nf6 4. Nf3 Bg4 5. e3 e6 6. h3 Bh5 7. g4 Bg6 8. Nh4
Nbd7 9. Nxg6 hxg6 10. cxd5 exd5 11. a3 Bd6 12. Bg2 Qc7 13. Bd2 O-O-O 14. Rc1
Rde8 15. Nb5 Qb8 16. Qa4 a6 17. Nxd6+ Qxd6 18. Bb4 Qc7 19. O-O Ne4 (19... Nxg4
$1) 20. Rc2 f5 21. gxf5 gxf5 22. Rfc1 Rh6 23. Ba5 Qb8 24. Rxc6+ 1-0

[Event "FSV-ch 2009"]
[Site "Dortmund"]
[Date "2009.03.26"]
[Round "1.20"]
[White "Griese, Andreas"]
[Black "Raskin, Vitali"]
[Result "0-1"]
[WhiteElo "1156"]
[BlackElo "1612"]
[PlyCount "86"]
[EventDate "2009.??.??"]
[Source "Pit Schulenburg"]
[SourceDate "2009.02.27"]

1. d4 d5 2. c4 dxc4 3. Nc3 Nf6 4. Nf3 e6 5. Bg5 Be7 6. e3 h6 7. Bh4 a6 8. Bxc4
b5 9. Bd3 Nbd7 10. O-O Bb7 11. a3 c5 12. b3 Rc8 13. dxc5 Nxc5 14. b4 Nxd3 15.
Qd2 Bxf3 16. gxf3 Ne5 17. Qxd8+ Bxd8 18. Bxf6 Bxf6 19. Ne4 Nxf3+ 20. Kg2 Bxa1
21. Nd6+ Ke7 22. Nxc8+ Rxc8 23. Rxa1 Ne5 24. f4 Rc2+ 25. Kg3 Nc4 26. Kf3 Rc3
27. Re1 Rxa3 28. h4 Rb3 29. Ra1 Rxe3+ 30. Kf2 Ra3 31. Rg1 g6 32. h5 Kf6 33.
hxg6 fxg6 34. Rh1 h5 35. Rd1 Kf5 36. Rd8 Kxf4 37. Rf8+ Kg4 38. Rf6 Ra2+ 39. Ke1
e5 40. Rxg6+ Kf3 41. Rf6+ Ke3 42. Kf1 Nd2+ 43. Kg2 Ne4+ 0-1

[Event "FSV-ch 2009"]
[Site "Dortmund"]
[Date "2009.03.26"]
[Round "1.21"]
[White "Clausen, Dirk"]
[Black "Hast, Stefan"]
[Result "1-0"]
[WhiteElo "1606"]
[BlackElo "1143"]
[PlyCount "79"]
[EventDate "2009.??.??"]
[Source "Pit Schulenburg"]
[SourceDate "2009.02.27"]

1. c4 c5 2. Nc3 Nc6 3. g3 b6 4. Bg2 Bb7 5. e3 Nf6 6. Nge2 g6 7. d4 cxd4 8. exd4
Qc8 9. O-O Na5 10. b3 Bxg2 11. Kxg2 Qb7+ 12. d5 Bg7 13. Bg5 e6 14. Nf4 O-O 15.
Rc1 h6 16. Bxf6 Bxf6 17. Qg4 Bg5 18. h4 Bf6 19. f3 Bxc3 20. Rxc3 Qc7 21. Rd1
Qe5 22. Rcd3 Qf5 23. dxe6 Qxg4 24. exf7+ Rxf7 25. fxg4 g5 26. Ng6 Re8 27. R1d2
Kg7 28. h5 Re1 29. Rxd7 Rxd7 30. Rxd7+ Kg8 31. Ne7+ Kf8 32. Nf5 Re2+ 33. Kf3
Rxa2 34. Rxa7 Ra3 35. Ke4 Nxc4 36. Rxa3 Nxa3 37. Nxh6 Kg7 38. Nf5+ Kh7 39. Kd5
Nc2 40. Kc6 1-0

[Event "FSV-ch 2009"]
[Site "Dortmund"]
[Date "2009.03.26"]
[Round "1.22"]
[White "Bönke, Holger E"]
[Black "Schlagbaum, Christoph"]
[Result "0-1"]
[WhiteElo "1121"]
[BlackElo "1605"]
[PlyCount "32"]
[EventDate "2009.??.??"]
[Source "Pit Schulenburg"]
[SourceDate "2009.02.27"]

1. d4 d5 2. e4 dxe4 3. Nc3 Nf6 4. f3 exf3 5. Nxf3 e6 6. Bc4 Bb4 7. O-O O-O 8.
Ne5 Nc6 9. Nxc6 bxc6 10. Bg5 Be7 11. Rf4 Nd5 12. Bxe7 Qxe7 13. Re4 Qb4 14. Qd3
Qxb2 15. Bxd5 Qxa1+ 16. Kf2 exd5 0-1

[Event "FSV-ch 2009"]
[Site "Dortmund"]
[Date "2009.03.26"]
[Round "1.23"]
[White "Volmer, Martin"]
[Black "Vogt, Christian"]
[Result "1/2-1/2"]
[WhiteElo "1597"]
[BlackElo "1046"]
[PlyCount "75"]
[EventDate "2009.??.??"]
[Source "Pit Schulenburg"]
[SourceDate "2009.02.27"]

1. d4 d5 2. c4 c6 3. Nf3 e6 4. cxd5 exd5 5. Nc3 Nf6 6. Bg5 Bd6 7. e3 Bg4 8. Be2
Nbd7 9. O-O O-O 10. Qc2 Qc7 11. h3 Bh5 12. Rac1 Rfe8 13. Nb5 Qb8 14. Nxd6 Qxd6
15. Bf4 Qe7 16. Ne5 Bxe2 17. Qxe2 Ne4 18. Rfe1 Nf8 19. f3 Nf6 20. Bg5 Ne6 21.
Bxf6 Qxf6 22. b4 Qh4 23. Qf2 Qxf2+ 24. Kxf2 Re7 25. a4 f6 26. Nd3 a6 {
Was soll Weiss nun ziehen?} 27. Nc5 (27. Rc3 h5 28. g3 Kf7 29. Rb1 Rae8 30. b5)
27... b6 28. Nxe6 Rxe6 29. Rc2 Rae8 30. g4 g5 31. Rce2 Kf7 32. e4 h6 33. exd5
Rxe2+ 34. Rxe2 Rxe2+ 35. Kxe2 cxd5 36. Ke3 Ke6 37. f4 Kd6 38. fxg5 1/2-1/2

[Event "FSV-ch 2009"]
[Site "Dortmund"]
[Date "2009.03.26"]
[Round "1.24"]
[White "Ortlepp, Olaf"]
[Black "Gerke, Dieter"]
[Result "1-0"]
[WhiteElo "1022"]
[BlackElo "1587"]
[PlyCount "53"]
[EventDate "2009.??.??"]
[Source "Pit Schulenburg"]
[SourceDate "2009.02.27"]

1. Nf3 Nf6 2. c4 g6 3. d4 Bg7 4. Nc3 O-O 5. e4 d6 6. Be2 Bg4 7. Be3 Nbd7 8. Qc2
a6 9. O-O-O c6 10. e5 Bf5 11. Bd3 Bxd3 12. Rxd3 Ng4 13. Bf4 Nb6 14. b3 Qd7 15.
h3 Nh6 16. Qd2 Qf5 17. g4 Nxg4 18. hxg4 Qxg4 19. Bh6 Qg2 20. Rg1 ({Oder} 20.
Rh2 Qf1+ 21. Kb2 f5 22. Bxg7 Kxg7 23. Qh6+ Kf7 24. Qxh7+ Ke8 25. exd6 $18)
20... Qh3 21. Bxg7 Kxg7 22. Ng5 Qh2 23. Rdg3 dxe5 24. dxe5 Rad8 25. Qe1 Qh4 26.
Rg4 Qh2 27. Rh1 1-0

[Event "FSV-ch 2009"]
[Site "Dortmund"]
[Date "2009.03.26"]
[Round "1.25"]
[White "Weischer, Wolfgang"]
[Black "Oelze, Eckhardt"]
[Result "1-0"]
[WhiteElo "1581"]
[BlackElo "1002"]
[PlyCount "71"]
[EventDate "2009.??.??"]
[Source "Pit Schulenburg"]
[SourceDate "2009.02.27"]

1. g3 d5 2. b4 Nf6 3. Bg2 e5 4. Bb2 d4 5. c3 c6 6. cxd4 exd4 7. Nf3 c5 8. bxc5
Bxc5 9. Nxd4 Bxd4 10. Qa4+ Bd7 (10... Nc6 11. Bxd4 Qxd4 $4 12. Bxc6+ bxc6 13.
Qxd4 $18) 11. Qxd4 O-O 12. Bxb7 Nc6 13. Bxc6 Bxc6 14. O-O Qa5 15. Rc1 Rac8 16.
Rc5 Qa6 17. d3 Ba8 18. f3 Qe6 19. Re5 Qh3 20. Na3 h5 21. Rg5 Rc6 22. Qf4 Kh7
23. Qf5+ Qxf5 24. Rxf5 Rfc8 25. Nc4 Rc5 26. Rxc5 Rxc5 27. Bxf6 gxf6 28. Rb1 Bd5
29. Rb4 Bxc4 30. dxc4 Rg5 31. Rb5 f5 32. f4 Rg4 33. Rxf5 h4 34. Rg5 Rxg5 35.
fxg5 hxg3 36. c5 1-0

[Event "FSV-ch 2009"]
[Site "Dortmund"]
[Date "2009.03.26"]
[Round "1.26"]
[White "Rabe, Mark"]
[Black "Dite, Alexander"]
[Result "0-1"]
[WhiteElo "998"]
[BlackElo "1573"]
[PlyCount "94"]
[EventDate "2009.??.??"]
[Source "Pit Schulenburg"]
[SourceDate "2009.02.27"]

1. Nf3 d5 2. d4 e6 3. Bd2 Nf6 4. e3 c5 5. b3 Nc6 6. Bb5 a6 7. Bd3 b5 8. dxc5
Bxc5 9. a3 O-O 10. b4 Bd6 11. c3 e5 12. Be2 Qc7 13. O-O e4 14. Nd4 Bxh2+ 15.
Kh1 Bd6 16. Nxc6 Qxc6 17. a4 Bd7 18. f3 exf3 19. Bxf3 Ne4 20. Kg1 Bg3 21. Be1
Be5 22. Bxe4 dxe4 23. a5 f5 24. Ra2 Be6 25. Raf2 Bc4 26. Rxf5 Bxf1 27. Rxe5 Qg6
28. Qd5+ Kh8 29. Qxe4 Qxe4 30. Rxe4 Bd3 31. Rg4 Bxb1 32. Bg3 g6 33. Be5+ Kg8
34. Kh2 Rf5 35. Bd4 Re8 36. Bc5 Re4 37. Rg3 Rh4+ 38. Kg1 Bd3 39. Rf3 Rxf3 40.
gxf3 Kf7 41. Kg2 Ke6 42. e4 Bxe4 43. fxe4 Rxe4 44. Kf3 Rc4 45. Bd4 Rxd4 46.
cxd4 Kd5 47. Ke3 h5 0-1